Central Library OPAC University of Rajshahi

The Leverhulme Trust / (Record no. 49877)

MARC details
000 -LEADER
fixed length control field 00983nas a2200265 a 4500
001 - CONTROL NUMBER
control field 49877
003 - CONTROL NUMBER IDENTIFIER
rucl marc code BD-RJUL
005 - DATE AND TIME OF LATEST TRANSACTION
control field 20211209054736.0
008 - FIXED-LENGTH DATA ELEMENTS--GENERAL INFORMATION
fixed length control field 160823s1968 enkar 0 a0eng d
035 ## - SYSTEM CONTROL NUMBER
System control number (BD-RjUL)49997
040 ## - CATALOGING SOURCE
Original cataloging agency UkOxU
Language of cataloging eng
Transcribing agency UkOxU
041 ## - LANGUAGE CODE
Language code of text/sound track or separate title eng
082 ## - DEWEY DECIMAL CLASSIFICATION NUMBER
Edition number 23
Classification number 378.3
Author mark and year LEV 1968
110 2# - MAIN ENTRY--CORPORATE NAME
Corporate name or jurisdiction name as entry element Leverhulme Trust.
9 (RLIN) 149486
245 14 - TITLE STATEMENT
Title The Leverhulme Trust /
Statement of responsibility, etc. The Leverhulme Trust.
246 13 - VARYING FORM OF TITLE
Title proper/short title Annual report
260 ## - PUBLICATION, DISTRIBUTION, ETC. (IMPRINT)
Place of publication, distribution, etc. London :
Name of publisher, distributor, etc. Leverhulme Trust,
Date of publication, distribution, etc. 1968
300 ## - PHYSICAL DESCRIPTION
Pagination 85 p. :
Illustrations ill. ;
Size 33 cm.
515 ## - NUMBERING PECULIARITIES NOTE
Numbering peculiarities note Triennial reports, 1956/1958-1968/1970; quinquennial reports, 1971/1975-1986/1990; biennial report, 1991/1992 ; annual reports, 1993-
610 20 - SUBJECT ADDED ENTRY--CORPORATE NAME
Corporate name or jurisdiction name as entry element Leverhulme Trust
650 #0 - SUBJECT ADDED ENTRY--TOPICAL TERM
Topical term or geographic name as entry element Charitable uses, trusts, and foundations
Geographic subdivision Great Britain
Form subdivision Periodicals.
9 (RLIN) 149487
780 00 - PRECEDING ENTRY
Main entry heading Leverhulme Trust.
Title Leverhulme research awards
Record control number (UkOxU)011817961
785 00 - SUCCEEDING ENTRY
Title Leverhulme Trust.
Main entry heading Annual review
Record control number (UkOxU)019718279
942 ## - ADDED ENTRY ELEMENTS (KOHA)
Source of classification or shelving scheme Dewey Decimal Classification
Koha item type Books
Holdings
Lost status Source of classification or shelving scheme Damaged status Not for loan Collection code Permanent Location Current Location Shelving location Date acquired Source of acquisition Total Checkouts Full call number Date last seen Copy number Koha item type
  Dewey Decimal Classification     Non-fiction Central Library, University of Rajshahi Central Library, University of Rajshahi   29/01/1969 Replace   378.33 LEV 1968 23/08/2016 C-2 Books